| 000 | 00539nam a22001817a 4500 | ||
|---|---|---|---|
| 999 |
_c18233 _d18233 |
||
| 003 | AR-CdUCM | ||
| 008 | 190513b ||||| |||| 00| 0 spa d | ||
| 040 |
_aMUNICIPALIDAD PROVINCIAL DEL CUSCO _cBIBLIOTECA MUNICIPAL DEL CUSCO |
||
| 082 |
_a868.6 / _bM26 |
||
| 100 |
_aMarañon, Gregorio. _93567 |
||
| 245 | _aMeditaciones / | ||
| 260 |
_aSantiago de Chile : _bNueva época, _c1933. |
||
| 300 |
_a180 páginas ; _c19 cm. |
||
| 500 | _aLibrerías cultura. | ||
| 650 |
_aLiteratura. _983 |
||
| 942 |
_2ddc _cLIBROS |
||
| 945 |
_arum _d2019-05-13 |
||